[Event "DEM U10w 2023"]
[Site "Willingen GER"]
[Date "2023.06.01"]
[Round "8"]
[White "Lukas, Olivia"]
[Black "Kühn, Nicole"]
[Result "0-1"]
[Termination "normal"]
[Board "6"]
[WhiteElo "1288"]
[BlackElo "1048"]
[WhiteClock "00:14:48"]
[BlackClock "00:39:48"]
[PlyCount "124"]
[WhiteFideId "34632239"]
[BlackFideId "34610510"]
[EventCountry "GER"]
[EventRounds "11"]
[EventType "swiss"]
[EventDate "2023.05.27"]

1. e4 {[%clk 01:15:57]} {[%emt 00:00:03]} e5 {[%clk 01:14:19]} {[%emt
00:01:41]} 2. Nf3 {[%clk 01:15:58]} {[%emt 00:00:28]} d6 {[%clk 01:13:32]}
{[%emt 00:01:17]} 3. Bc4 {[%clk 01:11:07]} {[%emt 00:05:21]} Be7 {[%clk
01:11:03]} {[%emt 00:02:59]} 4. d3 {[%clk 01:07:07]} {[%emt 00:04:29]} Nf6
{[%clk 01:09:52]} {[%emt 00:01:43]} 5. Nc3 {[%clk 01:06:21]} {[%emt 00:01:15]}
O-O {[%clk 01:07:48]} {[%emt 00:02:34]} 6. h3 {[%clk 00:58:38]} {[%emt
00:08:13]} Nc6 {[%clk 01:04:36]} {[%emt 00:03:42]} 7. a3 {[%clk 00:57:17]}
{[%emt 00:01:53]} Be6 {[%clk 00:58:01]} {[%emt 00:07:04]} 8. Nd5 {[%clk
00:52:04]} {[%emt 00:05:42]} Na5 {[%clk 00:55:01]} {[%emt 00:03:30]} 9. Ba2
{[%clk 00:47:29]} {[%emt 00:05:05]} Nxd5 {[%clk 00:55:06]} {[%emt 00:00:25]}
10. exd5 {[%clk 00:47:20]} {[%emt 00:00:40]} Bf5 {[%clk 00:54:27]} {[%emt
00:01:09]} 11. b4 {[%clk 00:46:49]} {[%emt 00:01:01]} e4 {[%clk 00:49:58]}
{[%emt 00:04:59]} 12. Nd4 {[%clk 00:42:33]} {[%emt 00:04:46]} Bf6 {[%clk
00:50:00]} {[%emt 00:00:28]} 13. Nxf5 {[%clk 00:33:52]} {[%emt 00:09:11]} Bxa1
{[%clk 00:49:24]} {[%emt 00:01:05]} 14. O-O {[%clk 00:33:53]} {[%emt 00:00:29]}
exd3 {[%clk 00:48:05]} {[%emt 00:01:50]} 15. Qxd3 {[%clk 00:32:19]} {[%emt
00:02:03]} Nc6 {[%clk 00:47:05]} {[%emt 00:01:30]} 16. dxc6 {[%clk 00:30:36]}
{[%emt 00:02:13]} bxc6 {[%clk 00:46:37]} {[%emt 00:00:58]} 17. c3 {[%clk
00:30:12]} {[%emt 00:00:54]} Qf6 {[%clk 00:46:43]} {[%emt 00:00:24]} 18. Bd2
{[%clk 00:27:43]} {[%emt 00:03:00]} Bb2 {[%clk 00:46:37]} {[%emt 00:00:36]} 19.
a4 {[%clk 00:26:19]} {[%emt 00:01:55]} Ba3 {[%clk 00:46:28]} {[%emt 00:00:37]}
20. Ne3 {[%emt 00:05:46]} a5 {[%clk 00:45:11]} 21. Qc2 {[%clk 00:17:59]} {[%emt
00:05:22]} axb4 {[%clk 00:40:33]} {[%emt 00:05:08]} 22. cxb4 {[%clk 00:17:11]}
{[%emt 00:01:17]} Qb2 {[%clk 00:39:31]} {[%emt 00:01:33]} 23. Rb1 {[%clk
00:15:23]} {[%emt 00:02:18]} Qxc2 {[%clk 00:37:26]} {[%emt 00:02:35]} 24. Nxc2
{[%clk 00:15:36]} {[%emt 00:00:17]} Rxa4 {[%clk 00:36:53]} {[%emt 00:01:03]}
25. Bb3 {[%clk 00:12:21]} {[%emt 00:03:45]} Ra7 {[%clk 00:36:26]} {[%emt
00:00:52]} 26. Ra1 {[%clk 00:11:31]} {[%emt 00:01:25]} Rfa8 {[%clk 00:36:24]}
{[%emt 00:00:31]} 27. Be3 {[%clk 00:11:07]} {[%emt 00:00:55]} c5 {[%clk
00:35:38]} {[%emt 00:01:16]} 28. Bd5 {[%clk 00:10:55]} {[%emt 00:00:42]} Bb2
{[%clk 00:34:52]} {[%emt 00:01:14]} 29. Rb1 {[%clk 00:10:09]} {[%emt 00:01:18]}
c6 {[%clk 00:33:13]} {[%emt 00:02:10]} 30. Bxc6 {[%clk 00:09:44]} {[%emt
00:00:54]} Rc8 {[%clk 00:32:41]} {[%emt 00:01:00]} 31. Be4 {[%clk 00:09:42]}
{[%emt 00:00:34]} Ra2 {[%clk 00:31:50]} {[%emt 00:01:20]} 32. bxc5 {[%clk
00:09:13]} {[%emt 00:01:00]} dxc5 {[%clk 00:30:56]} {[%emt 00:01:25]} 33. Bd5
{[%clk 00:08:50]} {[%emt 00:00:52]} c4 {[%clk 00:30:57]} {[%emt 00:00:27]} 34.
Nb4 {[%clk 00:08:42]} {[%emt 00:00:40]} Ra1 {[%clk 00:30:50]} {[%emt 00:00:35]}
35. Rxa1 {[%clk 00:08:51]} {[%emt 00:00:22]} Bxa1 {[%clk 00:31:12]} {[%emt
00:00:10]} 36. Nc2 {[%clk 00:09:05]} {[%emt 00:00:15]} Be5 {[%clk 00:30:19]}
{[%emt 00:01:19]} 37. Kf1 {[%clk 00:09:10]} {[%emt 00:00:29]} c3 {[%clk
00:28:08]} {[%emt 00:02:41]} 38. Ke2 {[%clk 00:08:59]} {[%emt 00:00:43]} Bf6
{[%clk 00:28:00]} {[%emt 00:00:34]} 39. Bf3 {[%clk 00:08:26]} {[%emt 00:01:04]}
h6 {[%clk 00:28:06]} {[%emt 00:00:25]} 40. Bg4 {[%clk 00:07:47]} {[%emt
00:01:09]} Rd8 {[%clk 00:28:01]} {[%emt 00:00:34]} 41. Bf5 {[%clk 00:06:12]}
{[%emt 00:02:06]} Bg5 {[%clk 00:27:59]} {[%emt 00:00:31]} 42. f4 {[%clk
00:06:22]} {[%emt 00:00:21]} Bf6 {[%clk 00:26:59]} {[%emt 00:01:29]} 43. Bd3
{[%clk 00:05:27]} {[%emt 00:01:25]} g5 {[%clk 00:26:49]} {[%emt 00:00:40]} 44.
f5 {[%clk 00:05:14]} {[%emt 00:00:44]} Kh7 {[%clk 00:26:34]} {[%emt 00:00:44]}
45. g4 {[%clk 00:05:10]} {[%emt 00:00:36]} Ra8 {[%clk 00:26:14]} {[%emt
00:00:44]} 46. Kd1 {[%clk 00:03:45]} {[%emt 00:02:00]} Rd8 {[%clk 00:26:16]}
{[%emt 00:00:21]} 47. Ke2 {[%clk 00:03:42]} {[%emt 00:00:40]} h5 {[%clk
00:26:13]} {[%emt 00:00:33]} 48. Bc4 {[%clk 00:03:18]} {[%emt 00:00:54]} hxg4
{[%clk 00:25:47]} {[%emt 00:00:56]} 49. hxg4 {[%clk 00:03:33]} {[%emt
00:00:14]} Kg7 {[%clk 00:25:56]} {[%emt 00:00:21]} 50. Bb6 {[%clk 00:02:18]}
{[%emt 00:01:46]} Rd2+ {[%clk 00:26:14]} {[%emt 00:00:11]} 51. Ke3 {[%clk
00:01:56]} {[%emt 00:00:53]} Rxc2 {[%clk 00:25:57]} {[%emt 00:00:46]} 52. Bd3
{[%clk 00:01:01]} {[%emt 00:01:26]} Rb2 {[%clk 00:26:05]} {[%emt 00:00:18]} 53.
Ba5 {[%clk 00:00:48]} {[%emt 00:00:47]} Rg2 {[%clk 00:25:19]} {[%emt 00:01:04]}
54. Kf3 {[%clk 00:15:27]} {[%emt 00:01:02]} Rd2 {[%clk 00:40:03]} {[%emt
00:00:45]} 55. Ke3 {[%clk 00:15:37]} {[%emt 00:00:21]} Be5 {[%clk 00:40:14]}
{[%emt 00:00:19]} 56. Bb4 {[%clk 00:15:31]} {[%emt 00:00:37]} Rb2 {[%clk
00:39:38]} {[%emt 00:00:59]} 57. Ba5 {[%clk 00:15:41]} {[%emt 00:00:27]} c2
{[%clk 00:39:52]} {[%emt 00:00:16]} 58. Bd2 {[%clk 00:15:46]} {[%emt 00:00:25]}
Bf4+ {[%clk 00:39:25]} {[%emt 00:00:57]} 59. Ke2 {[%clk 00:15:29]} {[%emt
00:00:47]} c1=Q {[%clk 00:39:45]} {[%emt 00:00:10]} 60. f6+ {[%clk 00:15:08]}
{[%emt 00:00:50]} Kxf6 {[%emt 00:00:42]} 61. Kf3 {[%clk 00:14:47]} {[%emt
00:00:21]} Qxd2 {[%clk 00:39:58]} {[%emt 00:00:35]} 62. Be4 {[%clk 00:14:48]}
{[%emt 00:00:30]} Qe3# {[%clk 00:39:48]} {[%emt 00:00:09]} 0-1

[Event "DEM U10w 2023"]
[Site "Willingen GER"]
[Date "2023.06.01"]
[Round "8"]
[White "Bharathula, Akhila"]
[Black "Lola, Georgia-Maria"]
[Result "1/2-1/2"]
[Termination "normal"]
[Board "7"]
[WhiteElo "1117"]
[BlackElo "1293"]
[WhiteClock "00:20:50"]
[BlackClock "00:33:35"]
[PlyCount "119"]
[WhiteFideId "34641777"]
[BlackFideId "34629335"]
[EventCountry "GER"]
[EventRounds "11"]
[EventType "swiss"]
[EventDate "2023.05.27"]

1. d4 {[%clk 01:15:58]} {[%emt 00:00:01]} d5 {[%clk 01:15:41]} {[%emt
00:00:20]} 2. Nf3 {[%clk 01:16:17]} {[%emt 00:00:11]} Nc6 {[%clk 01:14:42]}
{[%emt 00:01:28]} 3. e3 {[%clk 01:16:14]} {[%emt 00:00:34]} e6 {[%clk
01:14:06]} {[%emt 00:01:06]} 4. Bd3 {[%clk 01:15:24]} {[%emt 00:01:19]} Bd6
{[%clk 01:12:58]} {[%emt 00:01:39]} 5. a3 {[%clk 01:14:46]} {[%emt 00:01:08]}
Nge7 {[%clk 01:08:19]} {[%emt 00:05:08]} 6. b3 {[%clk 01:12:55]} {[%emt
00:02:21]} O-O {[%clk 01:02:12]} {[%emt 00:06:37]} 7. Bb2 {[%clk 01:10:04]}
{[%emt 00:03:21]} Bd7 {[%clk 00:58:53]} {[%emt 00:03:50]} 8. O-O {[%clk
01:06:29]} {[%emt 00:04:05]} Nc8 {[%clk 00:53:15]} {[%emt 00:06:08]} 9. Nbd2
{[%clk 01:03:33]} {[%emt 00:03:26]} N6e7 {[%clk 00:47:51]} {[%emt 00:05:54]}
10. Qe2 {[%clk 00:58:59]} {[%emt 00:05:04]} c6 {[%clk 00:46:44]} {[%emt
00:01:37]} 11. Rac1 {[%clk 00:54:16]} {[%emt 00:05:13]} Bb8 {[%clk 00:46:30]}
{[%emt 00:00:43]} 12. Rfe1 {[%clk 00:49:19]} {[%emt 00:05:28]} Qc7 {[%clk
00:45:24]} {[%emt 00:01:36]} 13. c4 {[%clk 00:44:18]} {[%emt 00:05:31]} Ng6
{[%clk 00:44:43]} {[%emt 00:01:10]} 14. cxd5 {[%clk 00:42:54]} {[%emt
00:01:55]} exd5 {[%clk 00:43:35]} {[%emt 00:01:38]} 15. h3 {[%clk 00:42:29]}
{[%emt 00:00:55]} Nh4 {[%clk 00:42:59]} {[%emt 00:01:06]} 16. b4 {[%clk
00:40:11]} {[%emt 00:02:49]} a6 {[%clk 00:39:02]} {[%emt 00:04:26]} 17. Nf1
{[%clk 00:38:10]} {[%emt 00:02:31]} Nxf3+ {[%clk 00:39:16]} {[%emt 00:00:15]}
18. Qxf3 {[%clk 00:38:30]} {[%emt 00:00:10]} Ne7 {[%clk 00:38:42]} {[%emt
00:01:05]} 19. e4 {[%clk 00:36:45]} {[%emt 00:02:14]} Re8 {[%clk 00:37:38]}
{[%emt 00:01:34]} 20. exd5 {[%clk 00:35:53]} {[%emt 00:01:22]} Nxd5 {[%clk
00:37:07]} {[%emt 00:01:00]} 21. Rxe8+ {[%clk 00:35:10]} {[%emt 00:01:15]} Bxe8
{[%clk 00:37:26]} {[%emt 00:00:11]} 22. Qe4 {[%clk 00:34:45]} {[%emt 00:00:53]}
Nf6 {[%clk 00:37:19]} {[%emt 00:00:37]} 23. Qe2 {[%clk 00:34:20]} {[%emt
00:00:50]} Ba7 {[%clk 00:36:40]} {[%emt 00:01:16]} 24. Be4 {[%clk 00:28:01]}
{[%emt 00:06:48]} Nxe4 {[%clk 00:36:27]} {[%emt 00:00:43]} 25. Qxe4 {[%clk
00:28:23]} {[%emt 00:00:09]} Bd7 {[%clk 00:36:29]} {[%emt 00:00:28]} 26. d5
{[%clk 00:27:19]} {[%emt 00:01:34]} Re8 {[%clk 00:36:17]} {[%emt 00:00:41]} 27.
Qd3 {[%clk 00:27:25]} {[%emt 00:00:23]} Qf4 {[%clk 00:34:30]} {[%emt 00:02:16]}
28. Qg3 {[%clk 00:27:33]} {[%emt 00:00:24]} Qxg3 {[%clk 00:34:35]} {[%emt
00:00:25]} 29. Nxg3 {[%clk 00:27:55]} {[%emt 00:00:08]} cxd5 {[%clk 00:34:16]}
{[%emt 00:00:49]} 30. Rd1 {[%clk 00:26:23]} {[%emt 00:02:02]} Bc6 {[%clk
00:33:38]} {[%emt 00:01:07]} 31. Nf5 {[%clk 00:23:23]} {[%emt 00:03:31]} Re2
{[%clk 00:33:21]} {[%emt 00:00:43]} 32. Bd4 {[%clk 00:21:44]} {[%emt 00:02:13]}
Ba4 {[%clk 00:33:20]} {[%emt 00:00:32]} 33. Rc1 {[%clk 00:21:06]} {[%emt
00:01:08]} Bxd4 {[%clk 00:32:55]} {[%emt 00:00:55]} 34. Rc8+ {[%clk 00:20:26]}
{[%emt 00:01:09]} Re8 {[%clk 00:33:11]} {[%emt 00:00:13]} 35. Rxe8+ {[%clk
00:20:44]} {[%emt 00:00:14]} Bxe8 {[%clk 00:33:35]} {[%emt 00:00:06]} 36. Nxd4
{[%clk 00:21:10]} {[%emt 00:00:04]} f6 {[%clk 00:33:37]} {[%emt 00:00:28]} 37.
f3 {[%clk 00:20:52]} {[%emt 00:00:48]} Bd7 {[%clk 00:33:21]} {[%emt 00:00:46]}
38. g4 {[%clk 00:21:02]} {[%emt 00:00:20]} Kf7 {[%clk 00:33:28]} {[%emt
00:00:22]} 39. Kf2 {[%clk 00:21:17]} {[%emt 00:00:15]} b5 {[%clk 00:33:31]}
{[%emt 00:00:27]} 40. h4 {[%clk 00:21:15]} {[%emt 00:00:33]} g6 {[%clk
00:33:23]} {[%emt 00:00:38]} 41. Ke3 {[%clk 00:21:27]} {[%emt 00:00:18]} Ke7
{[%clk 00:33:03]} {[%emt 00:00:49]} 42. Kf4 {[%clk 00:20:46]} {[%emt 00:01:11]}
h6 {[%clk 00:33:04]} {[%emt 00:00:29]} 43. Ke3 {[%clk 00:19:09]} {[%emt
00:02:08]} Kf7 {[%clk 00:33:12]} {[%emt 00:00:19]} 44. Kf4 {[%clk 00:19:07]}
{[%emt 00:00:34]} g5+ {[%clk 00:33:25]} {[%emt 00:00:17]} 45. hxg5 {[%clk
00:19:28]} {[%emt 00:00:10]} hxg5+ {[%clk 00:33:48]} {[%emt 00:00:06]} 46. Ke3
{[%clk 00:19:48]} {[%emt 00:00:10]} Kg6 {[%clk 00:33:33]} {[%emt 00:00:43]} 47.
Kd3 {[%clk 00:19:57]} {[%emt 00:00:23]} f5 {[%clk 00:33:41]} {[%emt 00:00:22]}
48. gxf5+ {[%clk 00:18:46]} {[%emt 00:01:42]} Bxf5+ {[%clk 00:34:03]} {[%emt
00:00:07]} 49. Ke3 {[%clk 00:18:52]} {[%emt 00:00:25]} Bd7 {[%clk 00:34:17]}
{[%emt 00:00:14]} 50. Kf2 {[%clk 00:18:43]} {[%emt 00:00:41]} Kf6 {[%clk
00:34:29]} {[%emt 00:00:17]} 51. Ke3 {[%clk 00:19:01]} {[%emt 00:00:13]} Ke5
{[%clk 00:34:37]} {[%emt 00:00:21]} 52. Kd3 {[%clk 00:19:11]} {[%emt 00:00:21]}
Bf5+ {[%clk 00:34:54]} {[%emt 00:00:13]} 53. Ke3 {[%clk 00:19:27]} {[%emt
00:00:13]} Bd7 {[%clk 00:34:48]} {[%emt 00:00:35]} 54. Kd3 {[%clk 00:19:47]}
{[%emt 00:00:11]} Kf4 {[%clk 00:34:49]} {[%emt 00:00:27]} 55. Ke2 {[%clk
00:20:06]} {[%emt 00:00:10]} g4 {[%clk 00:35:01]} {[%emt 00:00:21]} 56. fxg4
{[%clk 00:20:24]} {[%emt 00:00:13]} Bxg4+ {[%clk 00:35:20]} {[%emt 00:00:10]}
57. Kd3 {[%clk 00:20:41]} {[%emt 00:00:13]} Bf5+ {[%clk 00:35:31]} {[%emt
00:00:20]} 58. Kd2 {[%clk 00:20:34]} {[%emt 00:00:36]} Bd7 {[%clk 00:34:38]}
{[%emt 00:01:23]} 59. Kd3 {[%clk 00:20:58]} {[%emt 00:00:07]} Bf5+ {[%clk
00:33:35]} {[%emt 00:01:32]} 60. Kd2 {[%clk 00:20:50]} {[%emt 00:00:39]}
1/2-1/2

[Event "DEM U10w 2023"]
[Site "Willingen GER"]
[Date "2023.06.01"]
[Round "8"]
[White "Tiuca, Emma"]
[Black "Hendler, Felicitas"]
[Result "0-1"]
[Termination "normal"]
[Board "8"]
[WhiteElo "1149"]
[BlackElo "1049"]
[WhiteClock "01:10:44"]
[BlackClock "01:18:42"]
[PlyCount "110"]
[WhiteFideId "4007549"]
[BlackFideId "34616519"]
[EventCountry "GER"]
[EventRounds "11"]
[EventType "swiss"]
[EventDate "2023.05.27"]

1. e4 {[%clk 01:15:58]} {[%emt 06:13:54]} c5 {[%clk 01:15:30]} {[%emt
00:00:32]} 2. Nc3 {[%clk 01:16:20]} {[%emt 00:00:07]} d6 {[%clk 01:15:20]}
{[%emt 00:00:40]} 3. g3 {[%clk 01:16:43]} {[%emt 00:00:07]} Nf6 {[%clk
01:15:39]} {[%emt 00:00:11]} 4. Bg2 {[%clk 01:17:02]} {[%emt 00:00:08]} g6
{[%clk 01:16:01]} {[%emt 00:00:10]} 5. f4 {[%clk 01:17:19]} {[%emt 00:00:12]}
Bg7 {[%clk 01:16:06]} {[%emt 00:00:27]} 6. d3 {[%clk 01:17:41]} {[%emt
00:00:07]} O-O {[%clk 01:16:28]} {[%emt 00:00:08]} 7. h3 {[%clk 01:18:01]}
{[%emt 00:00:10]} Nc6 {[%clk 01:16:43]} {[%emt 00:00:16]} 8. Nf3 {[%clk
01:18:21]} {[%emt 00:00:09]} Bd7 {[%clk 01:17:05]} {[%emt 00:00:08]} 9. O-O
{[%clk 01:18:41]} {[%emt 00:00:10]} Qc8 {[%clk 01:17:08]} {[%emt 00:00:28]} 10.
Be3 {[%clk 01:18:57]} {[%emt 00:00:11]} Bxh3 {[%clk 01:16:54]} {[%emt
00:00:47]} 11. Bxh3 {[%clk 01:19:13]} {[%emt 00:00:11]} Qxh3 {[%clk 01:17:03]}
{[%emt 00:00:23]} 12. Qe2 {[%clk 01:08:31]} {[%emt 00:11:10]} Qxg3+ {[%clk
01:16:42]} {[%emt 00:00:53]} 13. Qg2 {[%clk 01:08:44]} {[%emt 00:00:15]} Qxg2+
{[%clk 01:16:56]} {[%emt 00:00:18]} 14. Kxg2 {[%clk 01:09:04]} {[%emt
00:00:08]} Ng4 {[%clk 01:17:09]} {[%emt 00:00:19]} 15. Bd2 {[%clk 01:09:14]}
{[%emt 00:00:20]} Nd4 {[%clk 01:16:06]} {[%emt 00:01:34]} 16. Nxd4 {[%clk
01:09:27]} {[%emt 00:00:14]} Bxd4 {[%clk 01:16:27]} {[%emt 00:00:12]} 17. Rh1
{[%clk 01:06:37]} {[%emt 00:03:08]} Ne3+ {[%clk 01:15:27]} {[%emt 00:01:42]}
18. Bxe3 {[%clk 01:06:51]} {[%emt 00:00:12]} Bxe3 {[%clk 01:15:50]} {[%emt
00:00:11]} 19. Kf3 {[%clk 01:07:03]} {[%emt 00:00:14]} Bd4 {[%clk 01:16:05]}
{[%emt 00:00:19]} 20. Ke2 {[%clk 01:06:15]} {[%emt 00:01:14]} Bxc3 {[%clk
01:16:21]} {[%emt 00:00:17]} 21. bxc3 {[%clk 01:06:37]} {[%emt 00:00:07]} Rac8
{[%clk 01:16:32]} {[%emt 00:00:21]} 22. c4 {[%clk 01:06:45]} {[%emt 00:00:20]}
f5 {[%clk 01:15:24]} {[%emt 00:01:40]} 23. Rhf1 {[%clk 01:06:48]} {[%emt
00:00:23]} Rf7 {[%clk 01:15:02]} {[%emt 00:00:56]} 24. Ke3 {[%clk 01:06:06]}
{[%emt 00:01:09]} Rcf8 {[%clk 01:15:06]} {[%emt 00:00:29]} 25. Rf2 {[%clk
01:05:37]} {[%emt 00:00:58]} fxe4 {[%clk 01:14:12]} {[%emt 00:01:25]} 26. dxe4
{[%clk 01:05:53]} {[%emt 00:00:12]} e5 {[%clk 01:13:16]} {[%emt 00:01:27]} 27.
Raf1 {[%clk 01:06:13]} {[%emt 00:00:10]} exf4+ {[%clk 01:13:18]} {[%emt
00:00:29]} 28. Rxf4 {[%clk 01:06:36]} {[%emt 00:00:05]} Rxf4 {[%clk 01:13:39]}
{[%emt 00:00:10]} 29. Rxf4 {[%clk 01:06:57]} {[%emt 00:00:07]} Rxf4 {[%clk
01:13:56]} {[%emt 00:00:16]} 30. Kxf4 {[%clk 01:07:19]} {[%emt 00:00:07]} Kf7
{[%clk 01:12:58]} {[%emt 00:01:29]} 31. Kg5 {[%clk 01:07:38]} {[%emt 00:00:10]}
Ke6 {[%clk 01:13:07]} {[%emt 00:00:22]} 32. Kf4 {[%clk 01:07:50]} {[%emt
00:00:16]} g5+ {[%clk 01:12:12]} {[%emt 00:01:27]} 33. Kxg5 {[%clk 01:08:08]}
{[%emt 00:00:11]} Ke5 {[%clk 01:12:34]} {[%emt 00:00:09]} 34. Kh6 {[%clk
01:08:29]} {[%emt 00:00:08]} Kxe4 {[%clk 01:12:56]} {[%emt 00:00:08]} 35. Kxh7
{[%clk 01:08:56]} {[%emt 00:00:02]} Kd4 {[%clk 01:13:08]} {[%emt 00:00:20]} 36.
Kg7 {[%clk 01:09:19]} {[%emt 00:00:06]} Kxc4 {[%clk 01:13:32]} {[%emt
00:00:06]} 37. Kf6 {[%clk 01:09:37]} {[%emt 00:00:11]} d5 {[%clk 01:13:44]}
{[%emt 00:00:20]} 38. Ke5 {[%clk 01:09:46]} {[%emt 00:00:20]} d4 {[%clk
01:13:40]} {[%emt 00:00:35]} 39. Ke4 {[%clk 01:10:01]} {[%emt 00:00:12]} Kc3
{[%clk 01:13:53]} {[%emt 00:00:20]} 40. Kf3 {[%clk 01:10:17]} {[%emt 00:00:13]}
Kxc2 {[%clk 01:14:06]} {[%emt 00:00:17]} 41. Ke2 {[%clk 01:10:28]} {[%emt
00:00:17]} d3 {[%clk 01:14:21]} {[%emt 00:00:18]} 42. Kf3 {[%clk 01:10:43]}
{[%emt 00:00:13]} d2 {[%clk 01:14:46]} {[%emt 00:00:07]} 43. Ke4 {[%clk
01:11:01]} {[%emt 00:00:11]} d1=Q {[%emt 00:00:19]} 44. Kf4 {[%emt 00:00:14]}
Qe2 {[%clk 01:14:33]} {[%emt 00:00:11]} 45. Kf5 {[%clk 01:11:18]} {[%emt
00:00:11]} Qe3 {[%emt 00:00:25]} 46. Kf6 {[%clk 01:11:32]} Qe4 {[%clk
01:15:16]} {[%emt 00:00:09]} 47. Kg5 {[%clk 01:11:24]} {[%emt 00:00:38]} Qf3
{[%clk 01:15:37]} {[%emt 00:00:09]} 48. Kg6 {[%clk 01:11:34]} {[%emt 00:00:19]}
Qf4 {[%clk 01:15:57]} {[%emt 00:00:12]} 49. Kg7 {[%clk 01:10:59]} {[%emt
00:01:05]} Qf5 {[%clk 01:16:18]} {[%emt 00:00:09]} 50. Kh6 {[%clk 01:11:15]}
{[%emt 00:00:12]} Qg4 {[%clk 01:16:42]} {[%emt 00:00:07]} 51. Kh7 {[%clk
01:11:34]} {[%emt 00:00:10]} Kd3 {[%clk 01:17:06]} {[%emt 00:00:08]} 52. Kh6
{[%clk 01:11:53]} {[%emt 00:00:09]} Ke4 {[%clk 01:17:32]} {[%emt 00:00:06]} 53.
Kh7 {[%clk 01:12:17]} {[%emt 00:00:05]} Kf5 {[%clk 01:17:57]} {[%emt 00:00:05]}
54. Kh8 {[%clk 01:11:21]} {[%emt 00:01:26]} Kf6 {[%clk 01:18:22]} {[%emt
00:00:06]} 55. Kh7 {[%clk 01:10:44]} {[%emt 00:01:07]} Qg7+ {[%clk 01:18:42]}
{[%emt 00:01:21]} 0-1